00470nam a2200157Ia 450000500170000000800410001708200130005810000230007124500190009426000580011330000120017165000130018394200060019695200950020299900150029720250703160154.0240331s9999 xx 000 0 und d bKURa920 aKuruwita Bandara,T 0aSirith maldama aColombobLake House Investments Company Limitedc1984 a82 p ., aArticles cL 001040708LaWERCLbWERCLcSSCd2024-03-31l0o 920 KURp1128r2024-03-31w2024-03-31yL c5337d5337